Ολυμπιακοί αγώνες και μέσα μαζικής ενημέρωσης : πτυχιακή εργασία

Αποθηκεύτηκε σε:
Λεπτομέρειες βιβλιογραφικής εγγραφής
Κύριος συγγραφέας: Τσολακίδης, Κωνσταντίνος
Συγγραφή απο Οργανισμό/Αρχή: Πανεπιστήμιο Αιγαίου Σχολή Κοινωνικών Επιστημών Τμήμα Κοινωνιολογίας
Άλλοι συγγραφείς: Γεωργούλας, Στράτος (Εισηγητής διατριβής)
Μορφή: Thesis Βιβλίο
Γλώσσα:Greek
Δημοσίευση: Μυτιλήνη : Πανεπιστήμιο Αιγαίου, Τμήμα Κοινωνιολογίας, 2004
Θέματα:
Διαθέσιμο Online:http://hdl.handle.net/11610/7741
Ετικέτες: Προσθήκη ετικέτας
Δεν υπάρχουν, Καταχωρήστε ετικέτα πρώτοι!

MARC

LEADER 00000cam a2200000 i 4500
001 1/85375
008 050916s2004 gre d
035 |l 10080262 
040 |a GR-MY-UA  |b gre  |e aacr 
041 0 |a gre 
082 0 |a 302.2345  |2 (22) 
100 1 |a Τσολακίδης, Κωνσταντίνος. 
245 1 0 |a Ολυμπιακοί αγώνες και μέσα μαζικής ενημέρωσης :  |b πτυχιακή εργασία /  |c Τσολακίδης Κωνσταντίνος ; υπεύθυνος καθηγητής Ευστράτιος Γεωργούλας 
260 |a Μυτιλήνη :   |b Πανεπιστήμιο Αιγαίου, Τμήμα Κοινωνιολογίας,   |c 2004 
300 |a 76 σ.;  |b εικ.;  |c 30 εκ. 
502 # # |a Πτυχιακή εργασία – Πανεπιστήμιο Αιγαίου, Λέσβος, 2004. 
504 |a Βιβλιογραφία: σ. 76 
650 0 0 |a Television and sports. 
650 0 0 |a Television broadcasting of sports. 
650 0 0 |a Mass media and sports. 
650 0 0 |a Olympics. 
650 0 0 |a Dissertations, Academic  |z Greece. 
700 1 |4 ths  |a Γεωργούλας, Στράτος. 
710 2 |a Πανεπιστήμιο Αιγαίου  |b Σχολή Κοινωνικών Επιστημών  |b Τμήμα Κοινωνιολογίας. 
852 |a INST  |b LESVOS  |c DIATR  |e 20050916  |h 111  |p 005100032564  |q 005100032564  |t DIE  |y 23 
852 |a INST  |b LESVOS  |c DIATR  |e 20050916  |h 112  |p 005100032565  |q 005100032565  |t DIE  |y 23 
856 |u http://hdl.handle.net/11610/7741 
901 |a BIBL1-2005-3 
909 |a Λ  |b 115208 
909 |a Λ  |b 115209 
924 |a ΤΣΟΛΑΚΙΔΗΣ  |b ΚΩΣΤΑΣ  |y ΛΕΣΒΟΣ  |z 2004-10 
970 |a ΜΑΡΙΝΑΤΟΥ  |b ΜΥΡΣΙΝΗ  |z 2005/09/16